Stačí, že ISO 9000 je dobrý byznys?
Historický pohľad na pojem a obsah ISO 9000. Ekonomická stránka pojmu norma. Vzťah normy a úžitkovosti tovaru.
Salvato in:
| Natura: | Capitolo di libro |
|---|---|
| Lingua: | ceco |
| Soggetti: | |
| Tags: |
Nessun Tag, puoi essere il primo ad aggiungerne!!
|
MARC
| LEADER | 00000naa a2200000 4500 | ||
|---|---|---|---|
| 001 | r047118 | ||
| 005 | 20231002104110.6 | ||
| 041 | 0 | |a cze | |
| 044 | |a CZ | ||
| 245 | 1 | 0 | |a Stačí, že ISO 9000 je dobrý byznys? |
| 520 | |a Historický pohľad na pojem a obsah ISO 9000. Ekonomická stránka pojmu norma. Vzťah normy a úžitkovosti tovaru. | ||
| 610 | 2 | 0 | |a normy ISO |
| 610 | 2 | 0 | |a kvalita |
| 610 | 2 | 0 | |a kvalita tovaru |
| 610 | 2 | 0 | |a certifikácia |
| 610 | 2 | 0 | |a história |
| 610 | 2 | 0 | |a normy medzinárodné |
| 610 | 2 | 0 | |a normy technické |